Available copies
- 2 of 2 copies available at LARL/NWRL Consortium.
- 2 of 2 copies available at Northwest Regional Library. (Show preferred library)
Current holds
0 current holds with 2 total copies.
View other formats and editions
Show Only Available Copies
| Location | Call Number / Copy Notes | Barcode | Shelving Location | Status | Due Date |
|---|---|---|---|---|---|
| Hallock Public Library | GRI (Text) | 35500004167357 | Main | Available | - |
| Thief River Falls Public Library | GRI (Text) | 35500004177356 | Main | Available | - |
Record details
- ISBN: 9780670018697 (alk. paper)
- ISBN: 0670018694 (alk. paper)
- Physical Description: 414 p. ; 25 cm.
- Publisher: New York : Viking, 2008.
Search for related items by subject
| Subject: | Adult Mystery Drifters > Fiction. Amnesiacs > Fiction. |
| Genre: | Mystery fiction. |
| LDR | 01373cam a22003498a 4500 | ||
|---|---|---|---|
| 001 | 86187 | ||
| 003 | LARL_NWRL_CONSORTIUM | ||
| 005 | 20071126121244.0 | ||
| 008 | 071009s2008 nyu 000 1 eng | ||
| 010 | . | ‡a2007041715 | |
| 020 | . | ‡a9780670018697 (alk. paper) | |
| 020 | . | ‡a0670018694 (alk. paper) | |
| 035 | . | ‡a(OCoLC)166359822 | |
| 040 | . | ‡aDLC ‡cDLC ‡dBTCTA ‡dBAKER ‡dYDXCP | |
| 082 | 0 | 0. | ‡a813/.54 ‡222 |
| 100 | 1 | . | ‡aGrimes, Martha. ‡0(LARL_NWRL_CONSORTIUM)68379 |
| 245 | 1 | 0. | ‡aDakota / ‡cMartha Grimes. |
| 260 | . | ‡aNew York : ‡bViking, ‡c2008. | |
| 300 | . | ‡a414 p. ; ‡c25 cm. | |
| 650 | . | ‡aAdult Mystery | |
| 650 | 0. | ‡aDrifters ‡vFiction. ‡0(LARL_NWRL_CONSORTIUM)164669 | |
| 650 | 0. | ‡aAmnesiacs ‡vFiction. ‡0(LARL_NWRL_CONSORTIUM)170354 | |
| 655 | 7. | ‡aMystery fiction. ‡2gsafd | |
| 901 | . | ‡a86187 ‡bOCLC ‡c86187 ‡tbiblio | |

Add to basket
Permalink
Enable Highlighting